Business policy and strategy

Saved in:
Bibliographic Details
Other Authors: Dean, James W., Jr., 1956- (Editor), Schwindt, Richard (Editor)
Format: Book
Language:English
Published: North Carolina : Eno River , 1985
Series:Business administration reading lists and cource outlines ; 10
Subjects:
Tags: Add Tag
No Tags, Be the first to tag this record!

MARC

LEADER 00000cam a2200000 i 4500
001 1/1323
008 950710s1985 eng d
020 |a 0-88024-110-1  |q (τ. 10) 
035 |l 10014398 
040 |a GR-MY-UA  |b gre  |e aacr 
041 0 |a eng 
082 0 |a 658 
245 1 0 |a Business policy and strategy /  |c Compiled by James W. Dean and Richard Schwindt 
260 |a North Carolina :   |b Eno River ,   |c 1985 
300 |a 286 p. 
490 1 |a Business administration reading lists and cource outlines  |v ; 10 
650 0 0 |a Business education  |x Curricula. 
650 0 0 |a Management. 
700 1 |a Dean, James W.,   |c Jr.,   |d 1956-  |4 edt 
700 1 |a Schwindt, Richard.  |4 edt 
830
909 |a Λ  |b 007421 
922 |a 1ΕΛΗ  |b 198702  |c ΠΠ/825/17  |d GLORY 
970 |z 2000/06/ΟΙΚΟΝΟΜΟΠΟΥΛΟΥ ΧΡΙΣΤΙΝΑ